000 01137nam a2200277Ia 4500
003 OSt
005 20200924101112.0
008 191128s2010 mx a gr 000 0 spa d
020 _a9786071503084
040 _aCO-JMCR
_cCO-JMCR
041 0 _aspa
082 2 4 _a658.4034 /
_bH654i
_223
100 1 _aHillier, Frederick S.,
_eautor
_910774
245 1 0 _aIntroducción a la investigación de las operaciones /
_cFrederick S. Hillier,
250 _aNovena edición
260 _aMéxico :
_bMcGraw-hill,
_c2010.
300 _a978 páginas :
_bIlustraciones en blanco y negro ;
_c27 cm.
505 0 _aPanorama del enfoque de modelado en investigación de operaciones -- Introducción a la programación lineal -- Solución de problemas de programación lineal : Método simplex -- Teoría del método simplex
650 2 4 _aInvestigación de operaciones.
_91154
650 2 4 _aAnálisis de sistemas.
_91155
650 2 4 _aModelos matemáticos.
_91740
700 1 _aLieberman, Gerarld J.,
_eautor
_910775
700 1 _aMartínez del Campo V., Guillermo
_eautor
_910776
700 1 _aPacheco, Ernesto A.
_eautor
_910777
942 _2ddc
_cBK
999 _c4881
_d4881